Baby youuuu got what I need quiz - Statistics

General Stats
  • This quiz has been taken 7 times
  • The average score is 7 of 15
Answer Stats
Question Answer % Correct
The 18th-century Austrian composer Biz impersonated in the video Mozart
83%
The year the song was released 1989
67%
Name of Biz's platonic female friend #2 Agatha
67%
The name of the girl, as remembered by Biz after their encounter Bla Bla Bla
50%
Name of Biz's platonic female friend #3 Germaine
50%
Name of Biz's platonic female friend #4 Jacq
50%
The instrument Biz plays in the video Piano
50%
What Biz had to fill in order to see his girl Visitor's form
50%
The type of pants the girl was wearing 9/10
33%
Name of Biz's platonic female friend #1 Agnes
33%
Which university appears on Biz's sweater in the song's official video ? Georgetown
33%
Which country was the girl from ? US Nation
33%
The number of the girl's dorm room 3
17%
The song samples a 1968 hit by this singer Freddie Scott
17%
A device Biz takes the girl to, to make sure she's a hundred proof Picture Booth
17%
No matching quizzes found
Score Distribution
Percent of People with Each Score
Percentile by Number Answered
Your Score History
You have not taken this quiz